005540000a22001810004500090001300000100003600013700003000049245006800079044001100147041001300158690002700171690004000198690002600238651002000264942001300284773005800297999001700355 aSERIADAS1 aSimone, Luiz Ricardo L.91007201 aGracia C., Adriana99761110aTwo new species of Terebra (Gastropoda, Conoidea) from Colombia aBrasil0 aInglés aNuevas especies992905 aDescripciones taxonómicas9100719 aTerebrídeos9100721 4pColombia992749 cARTICULO1 tPapéis avulsos de zoologíah11q125-132d2006g46 c16387d16387